History Quiz

Random History or Clickable Quiz

Famous Quotes About 'D' Quiz Stats

 Plays Quiz Updated Apr 3, 2017

Support Sporcle.
Go Orange.
Score 0/28 Timer 08:00
1 Play Today
% Correct
Dream
99.1%
Dance
98%
Day
97.5%
Death
97.4%
Dachshund
97%
Deaf
97%
Diary
96.9%
Democracy
96.7%
Desk
96.1%
Door
96.1%
Dying
96.1%
Doubt
95.8%
Driving
95.5%
Difference
95.2%
% Correct
Dinners
94.9%
Discovery
94.8%
Devil
94.8%
Diamond
94.1%
Divine
93.2%
Déjà vu
92.9%
Duty
92.8%
Disguise
90.6%
Drunk
86.3%
Destiny
84.7%
Deadlines
83.3%
Delusion
75.6%
Drug
59.4%
Disease
47.5%

You're not logged in!

Compare scores with friends on all Sporcle quizzes.
OR
Log In

From the Vault

'J' Film Characters

by druhutch

These 'J' film characters are just what the doctor ordered.
Remove Ads.
Support Sporcle.
Get the best of Sporcle when you Go Orange. This ad-free experience offers more features, more stats, and more fun while also helping to support Sporcle. Thank you for becoming a member.

Show Comments

Extras

Top Quizzes Today


Score Distribution

Your Account Isn't Verified!

In order to create a playlist on Sporcle, you need to verify the email address you used during registration. Go to your Sporcle Settings to finish the process.

Report this User

Report this user for behavior that violates our Community Guidelines.

Details: